00501nam a2200193 a 4500001001300000003000900013005001700022008004100039020001000080082001500090100002900105245001900134260004300153300000900196500003500205505001300240650002500253700002900278nice12345678IN_TiNIC20260116011431.0050524s0000 amra grp 000 0 urd  ac10000a297.5bKHA aKhan, Mirza Sultan Ahmed aAsasul Akhlaaq aAmritsarbRose Bazar Steam Pressc0000 a743p aincludes index and biblioraphy2 aAppendix aIslam-Moral Theology1 aKhan, Mirza Sultan Ahmed